Načítá se...
Gaganendranath Tagore
| Hlavní autor: | |
|---|---|
| Médium: | Printed Book |
| Vydáno: |
Delhi;
Lalit Kala Akademi;
1964
|
| Vydání: | 1st |
| Témata: |
| LEADER | 00457nam a22001337a 4500 | ||
|---|---|---|---|
| 082 | |a 700 |b JAY/G K4 | ||
| 100 | |a Jaya Appasamy(Ed.) |9 317137 | ||
| 245 | |a Gaganendranath Tagore | ||
| 250 | |a 1st | ||
| 260 | |a Delhi; |b Lalit Kala Akademi; |c 1964 | ||
| 650 | |a English; Arts |9 317138 | ||
| 942 | |c BK | ||
| 999 | |c 65538 |d 65538 | ||
| 952 | |0 0 |1 0 |4 0 |6 700_000000000000000_JAY_G_K4 |7 0 |8 ARTS |9 78204 |a MAL |b MAL |d 2016-10-24 |e 28766 |g 4.00 |l 0 |o 700 JAY/G K4 |p MAL028766 |r 2016-10-24 |t 1 |w 2016-10-24 |y BK | ||